| 000 | 01091nam2a2200229 4500 | ||
|---|---|---|---|
| 001 | rc\3000067 | ||
| 005 | 20260315063642.0 | ||
| 035 | _a(NLR Aleph) 007143424 | ||
| 090 |
_a13615132 _c13615132 |
||
| 100 | _a20110920d1936 u y0rusy50 ca | ||
| 101 | 0 | _arus | |
| 102 | _aRU | ||
| 105 | _ac z ||||| | ||
| 200 | 0 | _aТ. 1 | |
| 210 | _d1936 | ||
| 215 |
_aПереплет, VIII, 628 с., 1 вкл. л. портр. _cпортр. |
||
| 461 | 0 |
_1001rc\3000066 _12000#$aИзбранные произведения$eВ 2 томах. Т. 1-$fВ.И. Ленин$gПод общ. ред. В.В. Адоратского, В.Г. Сорина [и др.]$gИн-т Маркса-Энгельса-Ленина при ЦК ВКП(б)$vТ. 1 _1700#1$aЛенин$bВ.И.$gВладимир Ильич$f1870-1924 _97078788 _aЛенин, В.И. (1870-1924) _c[Москва] _d1936 _fВ.И. Ленин _nПартиздат _oВ 2 томах. Т. 1- _tИзбранные произведения _vТ. 1 |
|
| 801 | 0 |
_aRU _bNLR _gpsbo |
|
| 801 | 1 |
_aRU _bELAR _2rusmarc |
|
| 852 |
_aNLR _bЛ _j1-И/5(1-10) |
||
| 942 | _cUNSPEC | ||
| 980 | _aNB | ||